The art of dating. (Record no. 14784)

000 -LEADER
fixed length control field 00665nam a2200217 a 4500
001 - CONTROL NUMBER
control field :::00012618$&:&@@
003 - CONTROL NUMBER IDENTIFIER
control field OkBaRHE
005 - DATE AND TIME OF LATEST TRANSACTION
control field 20000607103421.0
008 - FIXED-LENGTH DATA ELEMENTS--GENERAL INFORMATION
fixed length control field s1967 j 000 0 eng u
040 ## - CATALOGING SOURCE
Transcribing agency
100 1# - MAIN ENTRY--PERSONAL NAME
Personal name Duvall, Evelyn Ruth (Millis) 1906-
245 14 - TITLE STATEMENT
Title The art of dating.
250 ## - EDITION STATEMENT
Edition statement [Rev. ed.]
260 ## - PUBLICATION, DISTRIBUTION, ETC. (IMPRINT)
Place of publication, distribution, etc New York, NY., :
Name of publisher, distributor, etc Association Press
Date of publication, distribution, etc 1967
300 ## - PHYSICAL DESCRIPTION
Extent vi, 256 p. : illus. ;
Dimensions 20 cm.
650 ## - SUBJECT ADDED ENTRY--TOPICAL TERM
Topical term or geographic name as entry element Courtship
650 ## - SUBJECT ADDED ENTRY--TOPICAL TERM
Topical term or geographic name as entry element Dating (Social customs)
700 ## - ADDED ENTRY--PERSONAL NAME
Personal name Johnson, Joy Duvall, Joint author.
942 ## - ADDED ENTRY ELEMENTS (KOHA)
Source of classification or shelving scheme
Koha item type Books
Copies
Shelving location Withdrawn status Full call number Date last seen Date acquired Permanent Location Koha item type Damaged status Not for loan Copy number Source of classification or shelving scheme Barcode Lost status Price effective from
General Stacks HQ 801 .D82010-04-142010-04-14RHEMA Bible Training CollegeBooks  1 12618 2010-04-14